000 02466cam a2200313 4500500
005 20260208003610.0
041 _afre
042 _adc
100 1 0 _aBerthet, Florence
_eauthor
245 0 0 _aConfinement et rupture du cadre ordinaire de l’école : la mise en acte d’un fantasme adolescent ?
260 _c2021.
500 _a56
520 _aL’approche clinique d’orientation psychanalytique conduit l’auteure à appréhender le confinement imposé pendant la crise du coronavirus comme la mise en acte imprévisible et catastrophique d’un fantasme adolescent récurrent : la suppression de l’école. La disparition du cadre organisationnel de l’institution scolaire, désormais « non muet », selon la théorisation de José Bleger, mettrait au jour certaines modalités symbiotiques du lien pédagogique que la mise en place de la continuité pédagogique par les nouvelles technologies a parfois modifiées. Il s’agira dès lors d’élaborer les concepts de « puissance » et de « profanation » dans la lignée des travaux de Giorgio Agamben pour envisager la dimension éventuellement créatrice de cette crise.
520 _aThe psychoanalytic clinical approach will allow me to read the forced quarantine during the coronavirus crisis as an unforeseeable and disastrous implementation of a recurrent teenage fantasy: the elimination of school. The disappearance of the organizational framework of school, now “non-mute” according to José Bleger’s theory, would bring to light symbiotic modalities of the pedagogical link that the implementation of continuity of learning by new technologies has sometimes modified. It will therefore be necessary to elaborate the concepts of “power” and “desecration” in the line of Giorgio Agamben’s work in order to consider the possibly creative dimension of this crisis.
690 _acadre institutionnel
690 _aConfinement
690 _aécriture
690 _aenseignement à distance
690 _amise en acte
690 _aprofanation
690 _adesecration
690 _adistance learning
690 _aimplementation
690 _ainstitutional framework
690 _aLockdown
690 _awriting
786 0 _nNouvelle revue de psychosociologie | 31 | 1 | 2021-05-28 | p. 161-173 | 1951-9532
856 4 1 _uhttps://shs.cairn.info/revue-nouvelle-revue-de-psychosociologie-2021-1-page-161?lang=fr&redirect-ssocas=7080
999 _c1648445
_d1648445